000 00461nam a2200157 i 4500
001 45214
003 ES-MaACL
005 20230906161200.0
007 t|
008 030325s1957 sp ||||1| spa d
100 1 _aCobos, José.
_939364
245 1 0 _aMenos que una nube
_b: disquisiciones sobre temas montillanos /
_cJosé Cobos.
260 _aMadrid :
_bLa Veleta,
_c1957.
300 _a226 p. :
_bretr. aut. ;
_c17 cm.
852 _aES-MaACL
_jC-13507
_bR.40254
999 _c45214
_d45214